000
00308 a2200157 4500
001
58210
020
_a
8501043923
040
_c
Anchieta - Pituba
100
_a
Rasi, Mauro
240
1
0
_a
Pérola
_l
por
245
1
0
_a
Pérola
300
_a
143
362
0
_a
1995
650
4
_a
Drama brasileiro
942
_c
BK
999
_c
58210
_d
58210